000
00203nam a2200085 4500
001
1256433
005
20251229135956.0
245
_a
MİDOS KARTALININ GÖZLERİ
_c
GÜLTEN DAYIOĞLU
260
_b
ALTIN YAYINLARI
999
_c
1256433
_d
1256433